LDR 00934naa#a2200181#i#450# 001 RU\\bibl\121273 005 20260502003155.6 011 ## _a1994-4683 100 ## _a20230803b2023####ek#y0rusy0150####ca 102 ## _aRU 200 1# _aЗАКОНОМЕРНОСТИ И ПРИНЦИПЫ ФУНКЦИОНИРОВАНИЯ СИСТЕМЫ ПОДГОТОВКИ КВАЛИФИЦИРОВАННЫХ ПЛОВЦОВ В ЛАСТАХ _eЖурнальная статья 210 1# _aМосква _cНациональный государственный Университет физической культуры, спорта и здоровья им. П.Ф. Лесгафта _d2023 215 ## _a5 с. 608 ## _aЖурнальная статья _2local 675 ## _aПлавание с вспомогательными средствами. 797.22 _z 700 #1 _aДудченко _gП П 700 #1 _aГерасимов _gД Э 856 4# _auchzapiski.lesgaft.spb.ru _u